Normal view MARC view

Entry Topical Term

Number of records used in: 1

001 - CONTROL NUMBER

  • control field: 248887

003 - CONTROL NUMBER IDENTIFIER

  • control field: OSt

005 - DATE AND TIME OF LATEST TRANSACTION

  • control field: 20251211160851.0

008 - FIXED-LENGTH DATA ELEMENTS

  • fixed length control field: 251211|| aca||aabn | a|a d

040 ## - CATALOGING SOURCE

  • Original cataloging agency: OSt
  • Transcribing agency: OSt

150 ## - HEADING--TOPICAL TERM

  • Topical term or geographic name entry element: ಕರ್ಮ ಸಿದ್ಧಾಂತ, ಪತಿವ್ರತೆ ಮತ್ತು ಪ್ರಾಮಾಣಿಕತೆ

670 ## - SOURCE DATA FOUND

  • Source citation: Work cat.: (OSt)180149: PUTTANNA (M S) ಎಂ.ಎಸ್. ಪುಟ್ಟಣ್ಣ 248885, Madidunno maharaya., 1983